<?xml version="1.0" encoding="UTF-8"?>
<marc:record xmlns:marc="http://www.loc.gov/MARC21/slim">
   <marc:leader>00000nam a2200000 a 4500</marc:leader>
   <marc:datafield ind1="1" ind2=" " tag="100">
      <marc:subfield code="a">Zeh, Juli</marc:subfield>
      <marc:subfield code="4">aut</marc:subfield>
      <marc:subfield code="e">Verfasser/-in</marc:subfield>
   </marc:datafield>
   <marc:datafield ind1=" " ind2=" " tag="653">
      <marc:subfield code="a">Fiktionale Darstellung</marc:subfield>
   </marc:datafield>
   <marc:datafield ind1=" " ind2=" " tag="653">
      <marc:subfield code="a">Erzählende Literatur: Gegenwartsliteratur ab 1945</marc:subfield>
   </marc:datafield>
   <marc:datafield ind1=" " ind2=" " tag="653">
      <marc:subfield code="a">Dorf</marc:subfield>
   </marc:datafield>
   <marc:datafield ind1=" " ind2=" " tag="653">
      <marc:subfield code="a">Bauvorhaben</marc:subfield>
   </marc:datafield>
   <marc:datafield ind1=" " ind2=" " tag="653">
      <marc:subfield code="a">Windpark</marc:subfield>
   </marc:datafield>
   <marc:datafield ind1=" " ind2=" " tag="653">
      <marc:subfield code="a">Sozialer Konflikt</marc:subfield>
   </marc:datafield>
   <marc:datafield ind1=" " ind2=" " tag="653">
      <marc:subfield code="a">Brandenburg</marc:subfield>
   </marc:datafield>
   <marc:datafield ind1="0" ind2="0" tag="245">
      <marc:subfield code="a">Unterleuten</marc:subfield>
   </marc:datafield>
   <marc:datafield ind1="0" ind2="0" tag="245">
      <marc:subfield code="b">Roman</marc:subfield>
   </marc:datafield>
   <marc:datafield ind1="0" ind2="0" tag="245">
      <marc:subfield code="c">Zeh, Juli</marc:subfield>
   </marc:datafield>
   <marc:datafield ind1=" " ind2="1" tag="264">
      <marc:subfield code="a">München</marc:subfield>
      <marc:subfield code="b">Luchterhand</marc:subfield>
   </marc:datafield>
   <marc:datafield ind1=" " ind2=" " tag="250">
      <marc:subfield code="a">1. Auflage</marc:subfield>
   </marc:datafield>
   <marc:datafield ind1="1" ind2=" " tag="520">
      <marc:subfield code="a">Angaben aus der Verlagsmeldung &#xD;
&#xD;
 &#xD;
&#xD;
  Unterleuten : Roman / von Juli Zeh &#xD;
&#xD;
 &#xD;
Der große Gesellschaftsroman von Juli Zeh&#xD;
&#xD;
Manchmal kann die Idylle auch die Hölle sein. Wie das Dorf "Unterleuten" irgendwo in Brandenburg. Wer nur einen flüchtigen Blick auf das Dorf wirft, ist bezaubert von den altertümlichen Namen der Nachbargemeinden, von den schrulligen Originalen, die den Ort nach der Wende prägen, von der unberührten Natur mit den seltenen Vogelarten, von den kleinen Häusern, die sich Stadtflüchtlinge aus Berlin gerne kaufen, um sich den Traum von einem unschuldigen und unverdorbenen Leben außerhalb der Hauptstadthektik zu erfüllen. Doch als eine Investmentfirma einen Windpark in unmittelbarer Nähe der Ortschaft errichten will, brechen Streitigkeiten wieder auf, die lange Zeit unterdrückt wurden. Denn da ist nicht nur der Gegensatz zwischen den neu zugezogenen Berliner Aussteigern, die mit großstädtischer Selbstgerechtigkeit und Arroganz und wenig Sensibilität in sämtliche Fettnäpfchen der Provinz treten. Da ist auch der nach wie vor untergründig schwelende Konflikt zwischen Wendegewinnern und Wendeverlierern. Kein Wunder, dass im Dorf schon bald die Hölle los ist …&#xD;
&#xD;
Mit „Unterleuten“ hat Juli Zeh einen großen Gesellschaftsroman über die wichtigen Fragen unserer Zeit geschrieben, der sich hochspannend wie ein Thriller liest. Gibt es im 21. Jahrhundert noch eine Moral jenseits des Eigeninteresses? Woran glauben wir? Und wie kommt es, dass immer alle nur das Beste wollen, und am Ende trotzdem Schreckliches passiert?</marc:subfield>
   </marc:datafield>
   <marc:datafield ind1=" " ind2=" " tag="020">
      <marc:subfield code="a">9783630874876</marc:subfield>
      <marc:subfield code="9">9783630874876</marc:subfield>
   </marc:datafield>
   <marc:datafield ind1=" " ind2=" " tag="020">
      <marc:subfield code="a">3630874878</marc:subfield>
      <marc:subfield code="9">3630874878</marc:subfield>
   </marc:datafield>
   <marc:datafield ind1=" " ind2=" " tag="041">
      <marc:subfield code="a">ger</marc:subfield>
   </marc:datafield>
   <marc:datafield ind1=" " ind2=" " tag="338">
      <marc:subfield code="a">Band</marc:subfield>
   </marc:datafield>
   <marc:datafield ind1=" " ind2=" " tag="300">
      <marc:subfield code="a">639 Seiten</marc:subfield>
   </marc:datafield>
</marc:record>
